Statues of the international council of scientific unions and of the unions federated in the council (Record no. 28131)
[ view plain ]
| 000 -LEADER | |
|---|---|
| fixed length control field | 00438nam a22001217a 4500 |
| 008 - FIXED-LENGTH DATA ELEMENTS--GENERAL INFORMATION | |
| fixed length control field | 230510b |||||||| |||| 00| 0 eng d |
| 040 ## - CATALOGING SOURCE | |
| Original cataloging agency | National Science Library |
| Transcribing agency | National Science Library |
| 080 ## - UNIVERSAL DECIMAL CLASSIFICATION NUMBER | |
| Universal Decimal Classification number | R 061.6:5/6 |
| Item number | [J9];1 |
| 245 ## - TITLE STATEMENT | |
| Title | Statues of the international council of scientific unions and of the unions federated in the council |
| 260 ## - PUBLICATION, DISTRIBUTION, ETC. | |
| Place of publication, distribution, etc. | London: |
| Name of publisher, distributor, etc. | The Secretary General of ICSU, |
| 300 ## - PHYSICAL DESCRIPTION | |
| Extent | iii, 124p. |
| 942 ## - ADDED ENTRY ELEMENTS (KOHA) | |
| Source of classification or shelving scheme | Universal Decimal Classification |
| Koha item type | Reference |
| Withdrawn status | Lost status | Source of classification or shelving scheme | Damaged status | Not for loan | Home library | Current library | Shelving location | Date acquired | Total Checkouts | Full call number | Barcode | Date last seen | Price effective from | Koha item type |
|---|---|---|---|---|---|---|---|---|---|---|---|---|---|---|
| Universal Decimal Classification | National Science Library | National Science Library | GF/Rk-7/C-8/R-2 | 07/01/1968 | R 061.6:5/6 [J9];1 | 21812 | 10/05/2023 | 07/01/1968 | Reference |